Softvérové riešenie úloh zhlukovej analýzy
Porovnanie štatistických softvérov používaných pri riešení úloh viacrozmernej analýzy (zhluková analýza). Porovnanie univerzitnej verzie štatistického softvéru SAS-Enterprise Guide 2.1. a profesionálnych štatistických softvérových produktov SPSS 13.0 for Windows a NCSS 2001 Test.
Salvato in:
| Autore principale: | |
|---|---|
| Natura: | Capitolo di libro |
| Lingua: | slovacco |
| Soggetti: | |
| Tags: |
Nessun Tag, puoi essere il primo ad aggiungerne!!
|
MARC
| LEADER | 00000naa$a2200000$$$4500 | ||
|---|---|---|---|
| 001 | 0039727 | ||
| 005 | 20240612070323.6 | ||
| 041 | 0 | |a slo | |
| 044 | |a SK | ||
| 245 | 1 | 0 | |a Softvérové riešenie úloh zhlukovej analýzy |c Silvia Megyesiová |
| 520 | |a Porovnanie štatistických softvérov používaných pri riešení úloh viacrozmernej analýzy (zhluková analýza). Porovnanie univerzitnej verzie štatistického softvéru SAS-Enterprise Guide 2.1. a profesionálnych štatistických softvérových produktov SPSS 13.0 for Windows a NCSS 2001 Test. | ||
| 610 | 2 | 0 | |a analýza zhluková |
| 610 | 2 | 0 | |a softvér |
| 610 | 2 | 0 | |a produkty softvérové |
| 610 | 2 | 0 | |a modely štatistické |
| 610 | 2 | 0 | |a jednotky štatistické |
| 100 | 1 | |a Megyesiová, Silvia, 1969- | |